000 00500nam a2200169Ia 4500
005 20260415160341.0
008 008 250505s9999 xx 000 0 eng d
037 _aTextual
040 _aFEDL
_beng
_cFEDL
041 _aeng
_2eng
084 _a309.23 BOM
_qFEDL
245 0 _aPost-war reconstruction : In Bombay province
260 _aBombay, India
_bGovernment Central Press
_c1947
300 _axvi,425p.
942 _cTEXL
_h309.23 BOM
999 _c1321964
_d1321964